000 00291nam a22001337a 4500
008 170306b xxu||||| |||| 00| 0 eng d
020 _a9780321768278
041 _aeng
080 _a611
100 _a6
101 _ashm
245 _aVISUAL ANATOMY & PHYSIOLOGY
_cMARTINI
942 _2udc
_cBK
999 _c6916
_d6916